Statistieken voor Palau Trivia Quiz

Klik hier om de quiz te nemen!

Algemene statistieken

  • Deze quiz is 184 keer genomen
  • De gemiddelde score is 11 van 20

Antwoordstatistieken

HintAntwoord% Correct
Officiële talenEngels
94%
Land dat de eilanden in 1914 veroverde en tot 1944 koloniseerdeJapan
82%
Land waarvan Palau in 1994 onafhankelijk werdVerenigde Staten
80%
Hoofdstad van PalauNgerulmud
76%
Land dat Palau koloniseerde in de periode 1574–1898Spanje
75%
Land dat de eilanden van bovenstaande heeft gekocht en ze tot 1914 koloniseerdeDuitsland
70%
Noem één van de vier steden waar Palau een ambassade onderhoudtManilla | Taipei | Tokio | Washington D.C.
63%
55% van de mensen uit Palau hebben ____, het op één na hoogste van alle landenObesitas
63%
Officiële talenPalaus
61%
Meest bevolkte eilandKoror
46%
Meer met miljoenen stekende zeedieren die hun vermogen om te steken hebben verloren{Jellyfish} Lake
44%
Grootste eilandBabeldaob
38%
Naam voor Palau in de tweede officiële taalBelau
38%
Noem of de Nederlandse of Belgische stad waar ereconsulaten van Palau zich bevindenBrasschaat | Heiloo
34%
UNESCO-werelderfgoed bestaande uit tweehonderd kleine, beboste eilanden{Chelbacheb}eilanden
34%
Palause deelstaat waar de hoofdstad in ligtMelekeok
34%
Monotheïstische religie uit Palau waar 9% nog steeds in gelooftModekngei
32%
Grootste zoetwatermassa van heel MicronesiëLake {Ngardok}
31%
Hoogste berg in PalauMount {Ngerchelchuus}
31%
Spaanse ontdekkingsreiziger die de eilanden in 1543 ontdekteRuy López de Villalobos
31%

Scoreverdeling

Percentiel versus Aantal Correcte Antwoorden

Procent van Mensen met Elke Score

Uw Scoregeschiedenis

U heeft deze quiz nog niet genomen